MARC

LEADER 00000nam0a2200000 4500
001 25535
005 20231030201021.0
010 |a 5888780359 
035 |a (RuTPU)RU\TPU\book\25771 
035 |a BOOK00025846 
090 |a 25535 
100 |a 20011209d1999 m y0rusy50 ca 
101 0 |a rus 
102 |a RU 
105 |a а z 000aa 
200 1 |a Приворотное зелье  |f М. Ульянов 
210 |a Москва  |c Алгоритм  |d 1999 
215 |a 285 с.  |c ил. 
225 1 |a О времени и о себе 
600 1 |a Ульянов  |b М. А.  |c российский актер  |c народный артист СССР  |f 1927 -  |g Михаил Александрович  |2 stltpush  |3 (RuTPU)RU\TPU\pers\13377 
610 1 |a жизнь 
610 1 |a творчество 
610 1 |a театр 
610 1 |a фильмы 
675 |a Р2  |v 3 
675 |a 778.5  |v 3 
700 1 |a Ульянов  |b М. А.  |c российский актер  |c народный артист СССР  |f 1927 -  |g Михаил Александрович  |2 stltpush  |3 (RuTPU)RU\TPU\pers\13377 
801 0 |a RU  |b 63413507  |c 20011209  |g PSBO 
801 2 |a RU  |b 63413507  |c 20051228  |g PSBO 
942 |c BK